|
|
|
|
| LEADER |
00916nam a2200229 a 4500 |
| 001 |
008728944 |
| 008 |
110405s1996 enka b 000 0 eng d |
| 020 |
|
|
|a 0273619357 (pbk)
|
| 040 |
|
|
|a UK
|c UK
|d BD-DhAAL
|
| 082 |
0 |
4 |
|a 658
|2 22
|
| 100 |
1 |
|
|a Gough, Leo.
|
| 245 |
1 |
0 |
|a The essential management and finance source /
|c Leo Gough.
|
| 260 |
|
|
|a London :
|b Pitman,
|c c1996
|
| 300 |
|
|
|a xxxi, 303p. :
|b ill. ;
|c 22 cm.
|
| 490 |
|
|
|a Essential business sourcebooks
|
| 541 |
|
|
|e 00011886
|
| 650 |
|
0 |
|a Industrial management.
|
| 650 |
|
0 |
|a Business enterprises
|x Finance.
|
| 852 |
4 |
|
|a Ayesha Abed Library
|j General shelf.
|
| 999 |
|
|
|c 10639
|d 10639
|
| 952 |
|
|
|0 0
|1 0
|2 ddc
|4 0
|6 658_GOU
|7 0
|9 16002
|a BRACUL
|b BRACUL
|c GEN
|d 2011-04-05
|l 1
|m 3
|o 658 GOU
|p 3010011886
|r 2013-08-04
|s 2013-07-12
|t 2
|w 2011-04-05
|y BK
|
| 952 |
|
|
|0 0
|1 0
|2 ddc
|4 0
|6 658_000000000000000_GOU
|7 0
|9 43315
|a SCL
|b SCL
|c GEN
|d 2000-01-18
|l 0
|o 658 GOU
|p 3020002664
|r 2014-07-20
|t 1
|w 2014-07-20
|y BK
|